Riconosci la Squadra di calcio - Quiz n°88 - Statistics

Statistiche generali
  • Questo quiz è stato fatto 13 volte
  • Il punteggio medio è 5 su 9
Statistiche sulle risposte
Indizio Risposta % Corretto
Colori sociali Bianco, azzurro, rosso
85%
Titoli nazionali 49 Campionati uruguaiani
69%
Trofei nazionali 8 Liguillas 2 Supercopa Uruguaya
54%
Divisione nazionale 2023-2024 Prima
54%
Fondazione 1899
46%
Capienza Stadio 34 000 posti
46%
Confederazione CONMEBOL
46%
Trofei internazionali 3 Coppe Libertadores
1 Recope Sudamericane
3 Coppe Intercontinentali
2 Coppe Interamericane
4 Copa de Honor Cousenier
2 Tie Cup
1 Copa de Confraternidad Escobar - Gerona
31%
Squadra Nacional
31%
Nessun quiz corrispondente trovato
Distribuzione punteggi
Percentuale di utenti per punteggio
Percentile per numero di risposta
I tuoi punteggi nel tempo
Non hai fatto questo quiz